| 000 | 00808cab a2200229 4500 | ||
|---|---|---|---|
| 001 | WB2814-08 | ||
| 008 | 090401t1992 xxu||||| |||| 00| 0 eng d | ||
| 035 | _a(Sirsi) u68902 | ||
| 041 | _aeng | ||
| 245 | _aMeasures to stop rain penetration | ||
| 260 | _c1992 | ||
| 350 | _a0 | ||
| 490 |
_aBuilding _v257(7739) 3 April 1992, 11(1) |
||
| 520 | _aForced to introduce new measures after a large number of claims for rain penetration, the National House Building Council has announced standards to prevent rain from penetrating houses insulated with full cavity fill. | ||
| 650 | _aCAVITY WALL INSULATION | ||
| 650 | _aCAVITY WALLS | ||
| 650 | _aNATIONAL HOUSE BUILDING COUNCIL | ||
| 650 | _aRAIN PENETRATION | ||
| 690 | _aBUILT ENVIRONMENT-BUILDING PATHOLOGY | ||
| 942 | _n0 | ||
| 948 | _c04/03/1997 | ||
| 999 |
_c43260 _d43260 |
||